| 000 | 00600nam a2200229Ia 4500 | ||
|---|---|---|---|
| 003 | OSt | ||
| 005 | 20220928102856.0 | ||
| 006 | a|||||r|||| 00| 0 | ||
| 007 | ta | ||
| 008 | 220927b |||||||| |||| 00| 0 eng d | ||
| 024 | _a54660 | ||
| 037 | _cTextual | ||
| 040 |
_aSDCL _cSDCL _beng |
||
| 041 |
_2eng _aeng |
||
| 082 | _aO153,3xN5, 152L4 | ||
| 100 | _aAmrita Pritam | ||
| 245 | 0 | _aPanjabi ki shreshth kahaniyan. | |
| 260 |
_aDelhi _bParag Prakashan _c1974 |
||
| 300 |
_a187p _ccm. |
||
| 942 |
_hO153,3xN5, 152L4 _cTEXL _2CC |
||
| 999 |
_c716878 _d716878 |
||